| 000 | 00582nam a2200181Ia 4500 | ||
|---|---|---|---|
| 999 |
_c21543 _d21543 |
||
| 003 | OSt | ||
| 005 | 20200623151411.0 | ||
| 008 | 190216s9999||||xx |||||||||||||| ||und|| | ||
| 020 | _a9780198065371 | ||
| 040 | _coclc | ||
| 082 |
_a954.0359 _bGUP/T |
||
| 100 |
_aGupta, Amit K _93143 |
||
| 245 | 0 |
_aTowards Freedom : _bDocuments On the Movement for Independence in India 1941 / _cAmit K Gupta ; Arjun Dev |
|
| 260 |
_bOxford University Press, _c2010. _aNew Delhi: |
||
| 300 | _a899p | ||
| 650 | _aHistory | ||
| 942 |
_cBK _2ddc _h954.0359 _iGUP/T _k954.0359 _mGUP/T |
||